| 000 | 00343nam a2200145 i 4500 | ||
|---|---|---|---|
| 001 | bg | ||
| 100 | 1 | _aKLINDT, L. B. | |
| 245 | 0 |
_aSzkło jako materiał budowlany / _cL.B. Klindt, W. Klein. |
|
| 260 |
_aWarszawa, _c1982. |
||
| 700 | 1 | _aKLEIN, W. | |
| 040 | _cBPK | ||
| 041 | _apol | ||
| 942 | _cKS | ||
| 008 | s pl f |000 0 pol | ||
| 999 |
_c1210 _d1210 |
||
| 856 |
_uhttp://koha.tu.koszalin.pl/cgi-bin/koha/opac-detail.pl?biblionumber=1210 _yKatalog online BPK |
||